Online Catalogue and eLibrary

Embodied violence : (Record no. 2918)

MARC details
000 -LEADER
fixed length control field 00491nam a2200193Ia 4500
005 - DATE AND TIME OF LATEST TRANSACTION
control field 20240604051904.0
008 - FIXED-LENGTH DATA ELEMENTS--GENERAL INFORMATION
fixed length control field 240331s9999 xx 000 0 und d
020 ## - INTERNATIONAL STANDARD BOOK NUMBER
ISBN 81851078077
082 ## - DDC Classification
Item Number - Author Mark EMB
Class No. 362
245 #0 - TITLE STATEMENT
Title Embodied violence :
Remainder of title communalising women's sexuality in South Asia
250 ## - EDITION STATEMENT
Edition statement 1 st
260 ## - PUBLICATION, DISTRIBUTION, ETC.
Place of publication, distribution, etc. New Delhi
Name of publisher, distributor, etc. Kali by Women
Date of publication, distribution, etc. 1996
650 ## - SUBJECT ADDED ENTRY--TOPICAL TERM
Topical term or geographic name entry element Women
650 ## - SUBJECT ADDED ENTRY--TOPICAL TERM
Topical term or geographic name entry element Sexuality
650 ## - SUBJECT ADDED ENTRY--TOPICAL TERM
Topical term or geographic name entry element Voilence
700 ## - ADDED ENTRY--PERSONAL NAME
Personal name Jayawardena, K.
700 ## - ADDED ENTRY--PERSONAL NAME
Personal name Alwis,M
942 ## - Koha item type (Biblio)
Koha item type Books in Stacks (Lending)
Holdings
Lost status Damaged status Collection code Home library Current library Shelving location Date acquired Full call number Accession Number Item type
    Lending WERC Library WERC Library Social Science Cupboard 03/31/2024 362.8 EMB 2574 Books in Stacks (Lending)

© WERC Library